000 01737cam a22001814a 4500
005 20250605163924.0
008 250528s ||||||||||||||||||||||||d
035 _a14496
040 _aGR-AtMCL
_bgre
_dGR-AtMCL
_eAACR2
245 1 _aΟι Βάσεις της Ψυχολογίας / Ατομική Ψυχολογία - Μπεχαβιορισμός - Ψυχανάλυση και Μαρξισμός
300 _a288
520 _aΙατρική ή Φιλοσοφία, Ο Μύθος της Αντιψυχανάλυσης, Οι Βάσεις της Ψυχολογίας Κύριο Άρθρο, Μυθολογική Ψυχολογία και Επιστημονική Ψυχολογία, Που Πάει η Συγκεκριμένη Ψυχολογία, Η Κρίση της Ψυχανάλυσης, Προκαταρκτική Σημείωση Πάνω στην Ιστορική Σύνοψη της Ψυχαναλυτικής Γαλλικής Κίνησης, Σχετικά με μια Δήθεν Κρίση της Ψυχανάλυσης, Απάντηση του Καθηγητή Hesnard, Σημείωση Πάνω στην Ατομική Ψυχολογία, Πάνω στο Παιδί στου Προλεταριάτου Μέσα στην Σημερινή Κοινωνική Τάξη, Πάνω στην Εισαγωγή στην Νέα Ψυχολογία, Η Γενική Ψυχολογία και η Ψυχοτεχνική, Ψυχανάλυση και Μάρξισμός Ένας Ψεύτικος Αντεπαναστάτης 'Ο Ψευδομαρξισμός', Το Τέλος της Ψυχανάλυσης.
700 1 _aPolitzer George
_9193
942 _cBK
260 _bΓερ. Αναγνωστιδη
999 _c125
_d125